000 00259pab a2200109 454500
008 180718b xxu||||| |||| 00| 0 eng d
100 _aSarkar, J.Sharma
245 _aJustice in the dock
650 _aJustice Administration
773 _aTelegraph
909 _a23466
999 _c23466
_d23466